The Oxford handbook of the use of force in international law / (Record no. 1574)

MARC details
000 -LEADER
fixed length control field 02120cam a2200517 i 4500
001 - CONTROL NUMBER
control field data
005 - DATE AND TIME OF LATEST TRANSACTION
control field 20260322212107.0
008 - FIXED-LENGTH DATA ELEMENTS--GENERAL INFORMATION
fixed length control field data
035 ## - SYSTEM CONTROL NUMBER
System control number 18239641
010 ## - LIBRARY OF CONGRESS CONTROL NUMBER
LC control number 2014946816
020 ## - INTERNATIONAL STANDARD BOOK NUMBER
International Standard Book Number 0199673047
020 ## - INTERNATIONAL STANDARD BOOK NUMBER
International Standard Book Number 9780199673049
Qualifying information Hbk.
020 ## - INTERNATIONAL STANDARD BOOK NUMBER
International Standard Book Number 9780198806219
Qualifying information Pbk.
035 ## - SYSTEM CONTROL NUMBER
System control number (OCoLC)900709498
040 ## - CATALOGING SOURCE
Original cataloging agency CDX
Language of cataloging eng
Transcribing agency CDX
Description conventions rda
Modifying agency DLC
-- YDXCP
-- OCLCO
-- QGK
-- NLGGC
-- OCLCQ
-- OCLCF
-- AMH
-- DLC
042 ## - AUTHENTICATION CODE
Authentication code lccopycat
050 00 - LIBRARY OF CONGRESS CALL NUMBER
Classification number KZ6368
Item number .O94 2015
082 04 - DEWEY DECIMAL CLASSIFICATION NUMBER
Classification number 341.6
Edition information 23
245 04 - TITLE STATEMENT
Title The Oxford handbook of the use of force in international law /
Statement of responsibility, etc. edited by Marc Weller ; assistant editors Alexia Solomou, Jake William Rylatt.
246 30 - VARYING FORM OF TITLE
Title proper/short title Use of force in international law
250 ## - EDITION STATEMENT
Edition statement First edition.
264 #1 - PRODUCTION, PUBLICATION, DISTRIBUTION, MANUFACTURE, AND COPYRIGHT NOTICE
Place of production, publication, distribution, manufacture Oxford, United Kingdom :
Name of producer, publisher, distributor, manufacturer Oxford University Press,
Date of production, publication, distribution, manufacture, or copyright notice 2015.
264 #4 - PRODUCTION, PUBLICATION, DISTRIBUTION, MANUFACTURE, AND COPYRIGHT NOTICE
Date of production, publication, distribution, manufacture, or copyright notice ©2015
300 ## - PHYSICAL DESCRIPTION
Extent lxxxix, 1280 pages ;
Dimensions 26 cm.
336 ## - CONTENT TYPE
Content type term text
Content type code txt
Source rdacontent
337 ## - MEDIA TYPE
Media type term unmediated
Media type code n
Source rdamedia
338 ## - CARRIER TYPE
Carrier type term volume
Carrier type code nc
Source rdacarrier
490 1# - SERIES STATEMENT
Series statement Oxford handbooks
504 ## - BIBLIOGRAPHY, ETC. NOTE
Bibliography, etc. note Includes bibliographical references and index.
650 #0 - SUBJECT ADDED ENTRY--TOPICAL TERM
Topical term or geographic name entry element Intervention (International law)
650 #0 - SUBJECT ADDED ENTRY--TOPICAL TERM
Topical term or geographic name entry element Aggression (International law)
650 #0 - SUBJECT ADDED ENTRY--TOPICAL TERM
Topical term or geographic name entry element War (International law)
650 #7 - SUBJECT ADDED ENTRY--TOPICAL TERM
Topical term or geographic name entry element Aggression (International law)
Source of heading or term fast
Authority record control number or standard number (OCoLC)fst00800257
650 #7 - SUBJECT ADDED ENTRY--TOPICAL TERM
Topical term or geographic name entry element Intervention (International law)
Source of heading or term fast
Authority record control number or standard number (OCoLC)fst00977583
650 #7 - SUBJECT ADDED ENTRY--TOPICAL TERM
Topical term or geographic name entry element War (International law)
Source of heading or term fast
Authority record control number or standard number (OCoLC)fst01170412
700 1# - ADDED ENTRY--PERSONAL NAME
Personal name Weller, M.
Fuller form of name (Marc),
Relator term editor.
700 1# - ADDED ENTRY--PERSONAL NAME
Personal name Solomou, Alexia,
Relator term editor.
700 1# - ADDED ENTRY--PERSONAL NAME
Personal name Rylatt, Jake William,
Relator term editor.
830 #0 - SERIES ADDED ENTRY--UNIFORM TITLE
Uniform title Oxford handbooks.
856 42 - ELECTRONIC LOCATION AND ACCESS
Materials specified Contributor biographical information
Uniform Resource Identifier <a href="http://www.loc.gov/catdir/enhancements/fy1604/2014946816-b.html">http://www.loc.gov/catdir/enhancements/fy1604/2014946816-b.html</a>
856 42 - ELECTRONIC LOCATION AND ACCESS
Materials specified Publisher description
Uniform Resource Identifier <a href="http://www.loc.gov/catdir/enhancements/fy1604/2014946816-d.html">http://www.loc.gov/catdir/enhancements/fy1604/2014946816-d.html</a>
856 41 - ELECTRONIC LOCATION AND ACCESS
Materials specified Table of contents only
Uniform Resource Identifier <a href="http://www.loc.gov/catdir/enhancements/fy1604/2014946816-t.html">http://www.loc.gov/catdir/enhancements/fy1604/2014946816-t.html</a>
906 ## - LOCAL DATA ELEMENT F, LDF (RLIN)
a 7
b cbc
c copycat
d 2
e epcn
f 20
g y-gencatlg
925 0# -
-- acquire
-- 1 shelf copy
-- policy default
Holdings
Withdrawn status Lost status Damaged status Not for loan Home library Current library Shelving location Date acquired Total checkouts Full call number Barcode Date last seen Price effective from Koha item type
        Liberty Liberty General stacks 22/03/2026   341.6 LOC-LPL-00037 22/03/2026 22/03/2026 Books